000 00963nam a22001937a 4500
003 OSt
005 20260303083555.0
008 260226b |||||||| |||| 00| 0 eng d
040 _aDWCL GS library
_cOC
082 _aFic. D621c 2008
100 _aDixon, Franklin W.
245 _athe hardy boys mystery stories 35
_b: the clue in the embers
_cFic. D621c 2008
260 _aCanada
_bGrosset & Dunlap, Inc
_c1955
300 _a177
_billustration
_c19cm
520 _aThe Clue in the Embers (1955) is the 35th installment in The Hardy Boys Mystery Stories, following Frank and Joe Hardy as they help their friend Tony Prito recover stolen, valuable medallions from a newly inherited, bizarre curio collection. The investigation leads the brothers to Guatemala, where they battle a dangerous gang to find a hidden treasure.
546 _aEnglish
700 _aFranklin W. Dixon
942 _2ddc
_cFIC.
_hFic. D621c 2008
_n0
999 _c8539
_d8539